000 00710nam a2200217 a 4500
999 _c5097
_d5097
001 5097
003 BD-JhCC
005 20171209094619.0
008 171209s19861987ii |||| || | 000 0 eng d
035 _a(BD-JhCC)5097
040 _aBD-JhCC
_dBD-JhCC
041 _aeng
082 _a491.4404
_bVAT 1987
100 _aভট্টাচার্য, বুদ্ধদেব
245 _aমাধ্যমিক রচনা প্রবাহ /
_cবুদ্ধদেব ভট্টাচার্য,
260 _aকলিকাতা :
_bরবীন্দ্র লাইব্রেরী,
_c1987
300 _a220 p. :
_c21 cm.
650 _aBengali Essays
942 _2ddc
_cBK